| 000 | 00724cam a22002413a 4500 | ||
|---|---|---|---|
| 001 | 24309 | ||
| 003 | PGUSA | ||
| 005 | 20140828083523.0 | ||
| 008 | 080115s2008||||xxu|||||s|||||000 | eng d | ||
| 040 |
_aPGUSA _beng |
||
| 042 | _adc | ||
| 050 | 4 | _aPS | |
| 100 | 1 |
_aFea, Samuel, _d1872-1943 |
|
| 245 | 1 | 0 |
_aIrish Ned : _bThe Winnipeg Newsy _h[electronic resource] / _cSamuel Fea |
| 260 |
_bProject Gutenberg, _c2008 |
||
| 506 | _aPublic domain in the USA. | ||
| 516 | _aElectronic text | ||
| 653 | _aNewspaper vendors -- Manitoba -- Winnipeg -- Biography | ||
| 653 | _aWinnipeg (Man.) -- Social life and customs | ||
| 830 | 0 |
_aProject Gutenberg _v24309 |
|
| 856 | 4 | 0 | _uhttp://www.gutenberg.org/ebooks/24309 |
| 942 | _cEB | ||
| 999 |
_c253564 _d253564 |
||